Normal view
MARC view
Entry Personal Name
001 - CONTROL NUMBER
- control field: 18619
003 - CONTROL NUMBER IDENTIFIER
- control field: dpl
005 - DATE AND TIME OF LATEST TRANSACTION
- control field: 20100906151442.0
008 - FIXED-LENGTH DATA ELEMENTS
- fixed length control field: 100906|||a|||||| | ||| d
040 ## - CATALOGING SOURCE
- Original cataloging agency: dpl
- Transcribing agency: dpl
100 ## - HEADING--PERSONAL NAME
- Personal name: मुकेश "नादान"
670 ## - SOURCE DATA FOUND
- Source citation: Work cat.: (dpl): मुकेश "नादान", विक्रम और बेताल की मनोंरजक कहानियाँ, 2006
670 ## - SOURCE DATA FOUND
- Source citation: Work cat.: (dpl): मुकेश "नादान", विक्रम और बेताल की मनोंरजक कहानियाँ, 2006
